On This Day: March 23rd II Quiz Stats

 Plays Quiz Updated Mar 23, 2018

Score 0/7 Timer 03:00
0 Plays Today
Question Answer Wrong Answers
Inspired by the works of Plato, Georges Sorel, and Nietzsche among others, this man founds his Fascist political movement in Milan, Italy.
1919
Benito Mussolini
96.6%
Engelbert Dollfuss
0.7%
Ante Pavelić
0.8%
Philippe Pétain
1.3%
The Russian ______ space station is disposed of, breaking up in the atmosphere before falling into the southern Pacific Ocean near Fiji.
2001
Mir
89.3%
Ser
3.2%
Tur
3.3%
Bar
1.7%
This English runner, neurologist, and academic, famous for running the first sub-4-minute mile, is born.
1929
Roger Bannister
84.8%
Steve Prefontaine
7%
John Landy
4.7%
Wes Santee
2%
The first of ‘The Nixon Interviews’ are videotaped, with this British journalist interviewing the former President about the Watergate scandal.
1977
David Frost
82.6%
Alistair Cooke
4.1%
James Cameron
2.6%
Edward R. Murrow
8.8%
President Ronald Reagan makes his initial proposal for his Strategic Defense Initiative, which was later given this movie title nickname by the press.
1983
Star Wars
81.7%
Jaws
1.7%
Apocalypse Now
11.1%
Scarface
3.1%
After traveling across America and reaching the Pacific Ocean, explorers Lewis and Clark and their ‘______’ begin their arduous journey home.
1806
Corps of Discovery
44.6%
Band of Pioneers
36.6%
Troop of Exploration
17.3%
Crew of Travel
1.4%
A day before his assassination, this Archbishop of El Salvador famously calls on Salvadoran soldiers, as Christians, to stop carrying out the government's repression.
1980
Óscar Romero
42.6%
Cesar Chavez
23.8%
Rodolfo Gonzales
11.8%
Alberto Hurtado
19.6%

You're not logged in!

Compare scores with friends on all Sporcle quizzes.
OR
Log In

Sporcle TV

Today on Sporcle TV


Watch our educational content, quiz creation guides, and fun videos on Sporcle TV.

Show Comments

Extras

Top Quizzes Today


Score Distribution

Your Account Isn't Verified!

In order to create a playlist on Sporcle, you need to verify the email address you used during registration. Go to your Sporcle Settings to finish the process.

Report this User

Report this user for behavior that violates our Community Guidelines.

Details: